000 00246nam a22001097a 4500
082 _a671.52 ROS'W
100 _aROSSI, BONIFACE E
_956793
245 _aWELDING ENGINEERING
260 _aNEWYORK
_bMCGRAW HILL
_c1954
300 _a786P
942 _cBK
999 _c568459
_d568459